RICS residential mortgage valuation specification (Record no. 108459)

MARC details
000 -LEADER
fixed length control field 01493cam a22002535a 4500
001 - CONTROL NUMBER
control field L144331
008 - FIXED-LENGTH DATA ELEMENTS--GENERAL INFORMATION
fixed length control field 080710s2008 xxk f 000 0 eng d
035 ## - SYSTEM CONTROL NUMBER
System control number (Sirsi) u144331
041 0# - LANGUAGE CODE
Language code of text/sound track or separate title eng
050 04 - LIBRARY OF CONGRESS CALL NUMBER
Classification number 333.332 $2 18
110 2# - MAIN ENTRY--CORPORATE NAME
Corporate name or jurisdiction name as entry element Royal Institution of Chartered Surveyors
9 (RLIN) 4900
245 00 - TITLE STATEMENT
Title RICS residential mortgage valuation specification
260 ## - PUBLICATION, DISTRIBUTION, ETC.
Place of publication, distribution, etc. Coventry
Name of publisher, distributor, etc. RICS
Date of publication, distribution, etc. 2008
300 ## - PHYSICAL DESCRIPTION
Extent 14p.
Dimensions 30cm.
505 2# - FORMATTED CONTENTS NOTE
Formatted contents note The valuer's role -- The terms of engagement -- The valuer's inspection -- The valuation -- The report -- Re-inspections -- Further advances -- Buy to let -- External appraisals
520 ## - SUMMARY, ETC.
Summary, etc. This specification applies to the valuation of residential property for mortgage purposes on behalf of building societies, banks and other lenders, unless varied by the lender's standard terms of engagement and standard report form. Covers the valuer's role, the terms of engagement, the valuer's inspection, the valuation, the report, re-inspections, further advances, buy to let and external appraisals. Specification will only be applicable until 1 September 2008, when it will be released in a revised form to coincide with the September 2008 Red Book amendment.
520 ## - SUMMARY, ETC.
Summary, etc. Supersedes 2004 edition (J125422).
520 ## - SUMMARY, ETC.
Summary, etc. Taken from RICS valuations standards January 2008, UK appendix 3.2.
521 ## - TARGET AUDIENCE NOTE
Target audience note Advanced
650 24 - SUBJECT ADDED ENTRY--TOPICAL TERM
Topical term or geographic name entry element RICS VALUATION STANDARDS
651 #4 - SUBJECT ADDED ENTRY--GEOGRAPHIC NAME
Geographic name United Kingdom
Chronological subdivision
690 ## - LOCAL SUBJECT ADDED ENTRY--TOPICAL TERM (OCLC, RLIN)
Topical term or geographic name as entry element PROPERTY-PROPERTY APPRAISAL AND VALUATION
942 ## - ADDED ENTRY ELEMENTS (KOHA)
Suppress in OPAC 0
Holdings
Withdrawn status Lost status Source of classification or shelving scheme Damaged status Not for loan Home library Current library Shelving location Date acquired Total Checkouts Full call number Barcode Date last seen Copy number Price effective from Koha item type
    Dewey Decimal Classification     London London RICS Boxes 10/07/2008   RICS 2008/23 30071222 06/08/2019 1 06/08/2019 Book
    Dewey Decimal Classification     London London RICS Boxes 10/07/2008   RICS 2008/23 30071225 06/08/2019 3 06/08/2019 Reference material
    Dewey Decimal Classification     London London RICS Boxes 10/07/2008   RICS 2008/23 30071224 06/08/2019 4 06/08/2019 Archive